Auger and another v LB Camden (Record no. 108074)
[ view plain ]
| 000 -LEADER | |
|---|---|
| fixed length control field | 01998cad a22002535a 4500 |
| 001 - CONTROL NUMBER | |
| control field | L143135 |
| 008 - FIXED-LENGTH DATA ELEMENTS--GENERAL INFORMATION | |
| fixed length control field | 080409s2008 xxk f v 000 0 eng d |
| 035 ## - SYSTEM CONTROL NUMBER | |
| System control number | (Sirsi) u143135 |
| 041 0# - LANGUAGE CODE | |
| Language code of text/sound track or separate title | eng |
| 050 04 - LIBRARY OF CONGRESS CALL NUMBER | |
| Classification number | 346.4104343 $2 18 |
| 245 00 - TITLE STATEMENT | |
| Title | Auger and another v LB Camden |
| Medium | [electronic resource] |
| 260 ## - PUBLICATION, DISTRIBUTION, ETC. | |
| Place of publication, distribution, etc. | London |
| Name of publisher, distributor, etc. | Lands Tribunal |
| Date of publication, distribution, etc. | 2008 |
| 520 ## - SUMMARY, ETC. | |
| Summary, etc. | LRX 81 2007, 14 March 2008. Considers how closely landlords should consult tenants when employing contractors in cases where it intends to bill leaseholders for works carried out. The appellant (A) appealed against a Leasehold Valuation Tribunal (LVT) decision that the respondent Council (C) be granted dispensation from setting up framework agreements to follow leaseholder consultation rules. C had argued that due to its intention to enter into a long-term deal with a contractor and in order to reduce costs, it was unable to provide meaningful estimates to tenants. LVT agreed, and A appealed to the Lands Tribunal. "Held": The withdrawal of consultation rights from A could foreseeably cause detriment to A. It would in effect give carte blanche to C to arrange for any contractors it saw fit and pass the charges on to A. C had not given substantial reason for doing this, save to say that at the time it was not able to provide useful estimates. It would be difficult, if not impossible, for A to argue against any costs incurred. Appeal allowed. |
| 521 2# - TARGET AUDIENCE NOTE | |
| Target audience note | Advanced |
| 590 ## - LOCAL NOTE (RLIN) | |
| Local note | KA |
| 650 24 - SUBJECT ADDED ENTRY--TOPICAL TERM | |
| Topical term or geographic name entry element | LANDLORD AND TENANT ACT 1985 |
| 650 24 - SUBJECT ADDED ENTRY--TOPICAL TERM | |
| Topical term or geographic name entry element | TANFERN LTD V CAMERON-MACDONALD |
| 650 24 - SUBJECT ADDED ENTRY--TOPICAL TERM | |
| Topical term or geographic name entry element | PEPPER V HART |
| 650 24 - SUBJECT ADDED ENTRY--TOPICAL TERM | |
| Topical term or geographic name entry element | SERVICE CHARGES (CONSULTATION REQUIREMENTS) (ENGLAND) REGULATIONS 2003 |
| 651 #4 - SUBJECT ADDED ENTRY--GEOGRAPHIC NAME | |
| Geographic name | England and Wales |
| Chronological subdivision | 1543- |
| 690 ## - LOCAL SUBJECT ADDED ENTRY--TOPICAL TERM (OCLC, RLIN) | |
| Topical term or geographic name as entry element | PROPERTY-RESIDENTIAL PROPERTY-LEASEHOLD RESIDENTIAL PROPERTY-RESIDENTIAL LANDLORD AND TENANT-RESIDENTIAL SERVICE CHARGES |
| 856 40 - ELECTRONIC LOCATION AND ACCESS | |
| Uniform Resource Identifier | <a href="https://www.landstribunal.gov.uk/judgmentfiles/j499/LRX-81-2007.pdf">https://www.landstribunal.gov.uk/judgmentfiles/j499/LRX-81-2007.pdf</a> |
| Public note | View the judgment free of charge at www.landstribunal.gov.uk |
| 942 ## - ADDED ENTRY ELEMENTS (KOHA) | |
| Suppress in OPAC | 0 |
| Withdrawn status | Lost status | Source of classification or shelving scheme | Damaged status | Not for loan | Home library | Current library | Shelving location | Date acquired | Total Checkouts | Full call number | Barcode | Date last seen | Copy number | Price effective from | Koha item type |
|---|---|---|---|---|---|---|---|---|---|---|---|---|---|---|---|
| Dewey Decimal Classification | Virtual | Virtual | Online | 09/04/2008 | ONLINE PUBLICATION | 143135-1001 | 06/08/2019 | 1 | 06/08/2019 | Law report |